Pagemaker 4 for the PC / (Record no. 102570)
[ view plain ]
| 000 -LEADER | |
|---|---|
| fixed length control field | 00473nam a2200169 a 4500 |
| 005 - DATE AND TIME OF LATEST TRANSACTION | |
| control field | 20140412111238.0 |
| 008 - FIXED-LENGTH DATA ELEMENTS--GENERAL INFORMATION | |
| fixed length control field | 010327s19uu xx 00 eng d |
| 020 ## - INTERNATIONAL STANDARD BOOK NUMBER | |
| International Standard Book Number | 971-8613-65-X |
| 050 ## - LIBRARY OF CONGRESS CALL NUMBER | |
| Classification number | M 004 |
| Item number | P33 1991 |
| 100 ## - MAIN ENTRY--PERSONAL NAME | |
| Personal name | Webster, Tony |
| 245 ## - TITLE STATEMENT | |
| Title | Pagemaker 4 for the PC / |
| Statement of responsibility, etc | Tony Webster ; Paul Webster. |
| 250 ## - EDITION STATEMENT | |
| Edition statement | IBM Edition |
| 260 ## - PUBLICATION, DISTRIBUTION, ETC. (IMPRINT) | |
| Place of publication, distribution, etc | Manila, Philippines : |
| Name of publisher, distributor, etc | Global Publishing, |
| Date of publication, distribution, etc | 1991. |
| 300 ## - PHYSICAL DESCRIPTION | |
| Extent | 168 p. |
| 650 ## - SUBJECT ADDED ENTRY--TOPICAL TERM | |
| Topical term or geographic name as entry element | Computer program |
| Withdrawn status | Lost status | Damaged status | Home library | Current library | Shelving location | Date acquired | Source of acquisition | Total Checkouts | Full call number | Barcode | Date last seen | Price effective from | Koha item type |
|---|---|---|---|---|---|---|---|---|---|---|---|---|---|
| Elizalde Library | Elizalde Library | Main Section | 03/27/2001 | M 004 P33 1991 | E2072 | 04/12/2014 | 04/12/2014 | Books |